| 000 | 00500nam a2200193Ia 4500 | ||
|---|---|---|---|
| 005 | 20250425160838.0 | ||
| 008 | 250425s9999 xx 000 0 und d | ||
| 041 | _afre | ||
| 082 | _a621.56 | ||
| 110 | _aINTERNATIONAL INSTITUTE OF REFRIGERATION | ||
| 245 | 0 | _aBIBLIOGRAPHIC GUIDE TO REFRIGERATION 1961 - 1964 | |
| 250 | _a1ST ED. | ||
| 260 | _aLONDON | ||
| 260 |
_aReino Unido _bPERGAMON PRESS _c1965 |
||
| 300 | _a895 | ||
| 650 | _aREFRIGERACION MECANICA | ||
| 942 | _c01 | ||
| 010 | _a6684 | ||
| 999 |
_c197354 _d197354 |
||